'D' List Celebrities Quiz Stats

 Plays Quiz Updated Dec 16, 2015

Challenge
Share
Tweet
Score 0/24 Timer 06:00
0 Plays Today
% Correct
Johnny Depp
97.8%
Matt Damon
96.3%
Michael Douglas
81.7%
Vin Diesel
80%
Judi Dench
79.3%
Kirsten Dunst
68.1%
Hilary Duff
65.5%
Paula Deen
61.1%
Geena Davis
60.9%
Salvador Dalí
58.8%
Patrick Dempsey
58.8%
Tony Danza
56.7%
% Correct
Neil Diamond
55.3%
Claire Danes
54%
Matt Dillon
51.5%
Peter Dinklage
50.8%
Benicio del Toro
46.9%
Laura Dern
44.4%
Daniel Day-Lewis
44%
Shannen Doherty
43.6%
Emily Deschanel
39.9%
Richard Dawson
39%
Roger Daltrey
34.5%
Faye Dunaway
28.5%

You're not logged in!

Compare scores with friends on all Sporcle quizzes.
OR
Log In

You Might Also Like...

Show Comments

Extras

Top Quizzes Today


Score Distribution

Your Account Isn't Verified!

In order to create a playlist on Sporcle, you need to verify the email address you used during registration. Go to your Sporcle Settings to finish the process.

Report this User

Report this user for behavior that violates our Community Guidelines.

Details: